000 00356nam a2200133Ia 4500
005 20260328104306.0
008 260328s9999||||xx |||||||||||||| ||und||
100 _aFlores Marini, Carlos
245 0 _aArquitectura Vernácula /
_cCarlos Flores Marini
260 _bIntituto Nacional de Bellas Artes
300 _a100 p.
650 _aPANAMÁ
942 _cBK
999 _c10771
_d10771